Phân tích các yếu tố ảnh hưởng đến thu nhập và đa dạng hóa thu nhập của hộ gia đình ở tỉnh Hậu Giang : Luận văn Thạc sĩ Kinh tế. Chuyên ngành Tài chính Ngân hàng
Nghiên cứu hoạt động sản xuất, kinh doanh của hộ gia đình để tiến hành phân tích thực trạng đa dạng hóa thu nhập của hộ gia đình ở tỉnh Hậu Giang.
Wedi'i Gadw mewn:
| Prif Awdur: | |
|---|---|
| Fformat: | Llyfr |
| Iaith: | Undetermined |
| Cyhoeddwyd: |
Cần Thơ
Trường Đại học Cần Thơ
2017
|
| Pynciau: | |
| Tagiau: |
Ychwanegu Tag
Dim Tagiau, Byddwch y cyntaf i dagio'r cofnod hwn!
|
| Thư viện lưu trữ: | Trung tâm Học liệu Trường Đại học Cần Thơ |
|---|
| LEADER | 01059nam a2200205Ia 4500 | ||
|---|---|---|---|
| 001 | CTU_224082 | ||
| 008 | 210402s9999 xx 000 0 und d | ||
| 082 | |a 332.722 | ||
| 082 | |b T120 | ||
| 088 | |a 60340201 | ||
| 100 | |a Phạm, Hữu Tâm | ||
| 245 | 0 | |a Phân tích các yếu tố ảnh hưởng đến thu nhập và đa dạng hóa thu nhập của hộ gia đình ở tỉnh Hậu Giang : | |
| 245 | 0 | |b Luận văn Thạc sĩ Kinh tế. Chuyên ngành Tài chính Ngân hàng | |
| 245 | 0 | |c Phạm Hữu Tâm ; Huỳnh Trường Huy (Cán bộ hướng dẫn) | |
| 260 | |a Cần Thơ | ||
| 260 | |b Trường Đại học Cần Thơ | ||
| 260 | |c 2017 | ||
| 520 | |a Nghiên cứu hoạt động sản xuất, kinh doanh của hộ gia đình để tiến hành phân tích thực trạng đa dạng hóa thu nhập của hộ gia đình ở tỉnh Hậu Giang. | ||
| 650 | |a Tài chính,Finances | ||
| 980 | |a Trung tâm Học liệu Trường Đại học Cần Thơ | ||